ਪਰਵਾਸੀ ਪੰਜਾਬੀ ਸਾਹਿਤ ਦੇ ਮਸਲੇ / (Record no. 109809)

MARC details
000 -LEADER
fixed length control field 01061nam a22002537a 4500
005 - DATE AND TIME OF LATEST TRANSACTION
control field 20170123164143.0
010 ## - LIBRARY OF CONGRESS CONTROL NUMBER
LC control number B-124348
020 ## - INTERNATIONAL STANDARD BOOK NUMBER
Terms of availability 200.00
International Standard Book Number 8171433510
035 ## - SYSTEM CONTROL NUMBER
System control number B-124348
037 ## - SOURCE OF ACQUISITION
Source of stock number/acquisition Cen Lib / Ret
040 ## - CATALOGING SOURCE
Original cataloging agency DPL
Language of cataloging PN
082 ## - DEWEY DECIMAL CLASSIFICATION NUMBER
Classification number 850.8
Item number ਬੇਦੀਹ
245 ## - TITLE STATEMENT
Title ਪਰਵਾਸੀ ਪੰਜਾਬੀ ਸਾਹਿਤ ਦੇ ਮਸਲੇ /
Statement of responsibility, etc ਹਰਚੰਦ ਸਿੰਘ ਬੇਦੀ
246 ## - VARYING FORM OF TITLE
Title proper/short title Parvasi punjabi sahit de masle /
Remainder of title edited by Harchand Singh Bedi
260 ## - PUBLICATION, DISTRIBUTION, ETC. (IMPRINT)
Place of publication, distribution, etc ਅੰਮ੍ਰਿਤਸਰ
Name of publisher, distributor, etc ਰਾਵੀ ਸਾਹਿਤ ਪ੍ਰਕਾਸ਼ਨ
Date of publication, distribution, etc 2004
270 ## - ADDRESS
Address ਹਾਲ ਬਾਜ਼ਾਰ
City ਅੰਮ੍ਰਿਤਸਰ
Postal code 143105
300 ## - PHYSICAL DESCRIPTION
Extent 208p.
Dimensions 21cm(pbk)
650 ## - SUBJECT ADDED ENTRY--TOPICAL TERM
Topical term or geographic name as entry element ਸਾਹਿਤ -- ਪੰਜਾਬੀ
9 (RLIN) 119203
650 ## - SUBJECT ADDED ENTRY--TOPICAL TERM
Topical term or geographic name as entry element ਪੰਜਾਬੀ -- ਕਹਾਣੀਆਂ
9 (RLIN) 119204
650 ## - SUBJECT ADDED ENTRY--TOPICAL TERM
Topical term or geographic name as entry element Literature -- Punjabi
9 (RLIN) 114104
650 ## - SUBJECT ADDED ENTRY--TOPICAL TERM
Topical term or geographic name as entry element Punjabi -- Fiction
9 (RLIN) 119205
700 ## - ADDED ENTRY--PERSONAL NAME
Personal name ਹਰਚੰਦ ਸਿੰਘ ਬੇਦੀ
9 (RLIN) 119206
942 ## - ADDED ENTRY ELEMENTS (KOHA)
Source of classification or shelving scheme Dewey Decimal Classification
Koha item type Punjabi Bks
Classification part 850.8
Call number suffix ਬੇਦੀਹ
Holdings
Withdrawn status Lost status Damaged status Not for loan Home library Current library Date acquired Source of acquisition Cost, normal purchase price Total Checkouts Full call number Barcode Date last seen Date checked out Copy number Cost, replacement price Price effective from Koha item type
        Central Library Central Library 07/01/2016 Cen Lib/Ret 200.00 1 850.8 ਬੇਦੀਹ B-124348 27/03/2026 12/03/2026 1 200.00 07/01/2016 Punjabi Bks

© Delhi Public Library
Hit Counter
free hit counter